000 00623cam a22002053a 4500
001 40191
003 PGUSA
005 20140828083909.0
008 120710s2012||||xxu|||||s|||||000 | eng d
040 _aPGUSA
_beng
042 _adc
100 1 _aShaw, Henry Wheeler
245 1 0 _aJosh Billings' Old Farmer's Allminax :
_b1870-1879, with Comic Illustrations
_h[electronic resource] /
_cHenry Wheeler Shaw
260 _bProject Gutenberg,
_c2012
506 _aPublic domain in the USA.
516 _aElectronic text
830 0 _aProject Gutenberg
_v40191
856 4 0 _uhttp://www.gutenberg.org/ebooks/40191
942 _cEB
999 _c269444
_d269444